Обнинского Виктора Петровича

Доступно только в Электронных читальных залах Найти на картеНа карте
RUSMARC
00004063nac2a22003011x 450
001f711eb10-62d3-49c3-a264-3b05da0d2055
00520140115050313.0
100##$a20130529l19141916k y0rusy50 ca
1010#$arus
102##$aRU
105##$ay z |||||
1222#$ad19140310
$ad19160126
2001#$aОбнинского Виктора Петровича
$j10 марта 1914 - 26 января 1916
215##$a10 листов
251##$cДело
300##$aЗаголовок дела на папке: Письма Обнинского Виктора Петровича Кони А. Ф.
300##$aВ деле имеются документы без дат
300##$a7 писем
300##$aРукописный текст
330##$aПереписка А. Ф. Кони; Письма к А. Ф. Кони
461#0$10013a54f2e3-e9cf-409b-80fa-f0a9bd3c40cb
$12001
$aКони Анатолий Федорович, юрист, литератор, член академии наук, председатель Санкт-Петербургского окружного суда, член государственного совета
$1251
$cФонд
$1852
$j564
462#0$100178a475cd-a47d-4377-bff3-cee4b81de655
$12001
$aОпись дел фонда А. Ф. Кони за 1880-1931 гг.
$1251
$cОпись
$1852
$j1
517##$aПисьма Обнинского Виктора Петровича Кони А. Ф.
600#1$aКони
$bА. Ф.
$f1844-1927
$gАнатолий Федорович
600#1$aОбнинский
$bВ. П.
$gВиктор Петрович
801#0$aRU
$bGA_RF
801#1$aRU
$bНПО Опыт
$c20130529
$2rusmarc
801#2$aRU
$bПБ им. Б.Н. Ельцина
$c20140115
$gRCR
$2rusmarc
852##$aГА РФ
$j2748
937##$d42799785
$hПБ
035##$aRuPRLIB51005222
Формат отображения